000 00892nam a22002777a 4500
001 17367849
003 OSt
005 20250520075959.0
008 250520b |||||||| |||| 00| 0 eng d
010 _a 2012418308
020 _a9780123846549
040 _aKMU
_cKMU
042 _apcc
050 0 0 _aQA37.3
_b.A74 2013
100 1 _aArfken, George B.
_q(George Brown),
_d1922-
245 1 0 _aMathematical methods for physicists :
_ba comprehensive guide /
_cGeorge B. Arfken, Hans J. Weber, Frank E. Harris.
250 _a7th ed.
260 _aAmsterdam ;
_aBoston :
_bElsevier,
_cc2013.
300 _axiii, 1205 p. :
_bill. ;
_c25 cm.
650 0 _aMathematics.
650 0 _aMathematical physics.
700 1 _aWeber, Hans-Jurgen.
700 1 _aHarris, Frank E.
942 _2lcc
_cBK
_n0
999 _c1833
_d1833